000 00727nam a2200205 i 4500
001 147052
003 ES-MaACL
005 20230906201801.0
007 t|
008 070920s1980 mx ||||1| spa d
080 _a329/393(=96 Ndembu)
100 1 _aTurner, Victor.
_9111746
245 1 3 _aLa selva de los símbolos
_b: aspectos del ritual ndembu /
_cVictor Turner ; [traduccíón de Ramón Valdés del Toro y Alberto Cardín Garay].
260 _aMéxico, etc. :
_bSiglo Veintiuno,
_c1980.
300 _a445 p. con lám. ;
_c21 cm.
650 1 4 _aNdembu (Pueblo africano)-
_xFolklore.
_915507
700 1 _aValdés del Toro, Ramón.
_9112520
700 1 _aCardín, Alberto.
_935165
852 _aES-MaACL
_jL-682
_bR.101096
999 _c147052
_d147052